Statistics for A-Z Word Ladder

Click here to take the quiz!

General Stats

  • This quiz has been taken 224 times
  • The average score is 27 of 39

Answer Stats

HintWord% Correct
Consuming foodEat
95%
Opposite of inOut
90%
Sweet and ____Sour
90%
Compass pointEast
88%
Expressing locationAt
84%
Dangerous animalBeast
82%
Building full of shopsMall
82%
Household animalPet
78%
CannabisPot
78%
Place downPut
78%
Number oneBest
76%
Underground animalMole
76%
First plural possessive determinerOur
76%
Immortal essence of a living beingSoul
75%
Liquid foodSoup
74%
Bottom of the footSole
73%
IncisionCut
72%
Or LessMore
72%
Insect that attacks cropsPest
72%
Small toy version of a humanDoll
71%
BoringDull
70%
LettersMail
70%
Benefit paid by the state for the unemploymentDole
65%
Baby's bedCot
64%
Palestinian territoryGaza
64%
BucketPail
64%
StareGaze
63%
Scientology, KKK, WBCCult
62%
Strong windsGale
61%
Reducing the population of animalsCull
59%
Social occasionGala
59%
AustraliaOz
57%
New name of early Christian missionaryPaul
57%
Original name of early Christian missionarySaul
57%
CousinCoz
56%
XYMale
56%
French for stationGare
55%
BloodGore
54%
Decomposed vegetable matterPeat
43%

Score Distribution

Percentile by Number Answered

Percent of People with Each Score

Your Score History

You have not taken this quiz